| 000 | 01712nam a22003257a 4500 | ||
|---|---|---|---|
| 003 | OSt | ||
| 005 | 20210318155322.0 | ||
| 008 | 210318s2011 ck ao||gr|||| 00| 0 spa d | ||
| 020 | _a9789586642378 | ||
| 040 |
_aCO-JMCR _cCO-JMCR |
||
| 041 | 0 | _aspa | |
| 082 | 0 | 4 |
_a709.04 / _bB213c _223 |
| 110 | 2 |
_aBanco de la Republica _914538 |
|
| 245 |
_aColección Maraloto : _bel ojo del coleccionista / _cMuseo de Arte Banco de la República ; textos Julia Draganovic, Julieta González, Ana Sokoloff ; revisión de textos Constanza Padilla R. ; fotografías Víctor Robledo, Rafael Lain, Mónica Espinosa ; traducción del italiano al español del texto de Julia Draganovic |
||
| 260 |
_aBogotá : _bMuseo de arte Banco de la Republica, _c2011. |
||
| 300 |
_a[145] páginas : _bilustraciones y fotografías ; _c28 cm. |
||
| 505 | 0 | _aPresentación -- Obras en exposición -- Coleccionar, una cuestión de complicidad -- Espejos humanos -- Been there, done that -- El espacio: algunos ejercicios prácticos -- Situación #2 -- Ejercicios en espera -- Ficha técnica obras en exposición | |
| 650 | 1 | 4 |
_aExposiciones _xCatálogos _910345 |
| 650 | 2 | 4 |
_aParis Vélez, Nicolás _xExposiciones _vCatálogos _936317 |
| 650 | 2 | 4 |
_aPerformance (Arte) _xExposiciones _vCatálogos _936318 |
| 700 | 1 |
_aDraganovic, Julia, _eautora _936319 |
|
| 700 | 1 |
_aGonzález, Julieta, _eautora _936320 |
|
| 700 | 1 |
_aSokoloff, Ana, _eautora _936321 |
|
| 700 | 1 |
_aPadilla R. Constanza, _erevisora _936322 |
|
| 700 | 1 |
_aRobledo, Víctor, _efotógrafo _936323 |
|
| 700 | 1 |
_aLain, Rafael, _efotógrafo _936324 |
|
| 700 |
_aEspinosa, Mónica, _efotógrafa _936325 |
||
| 700 | 1 |
_aDraganovic, Julia, _etraductora _936319 |
|
| 942 |
_2ddc _cBK |
||
| 999 |
_c15436 _d15436 |
||